书目信息 |
| 题名: |
奥运项目规则和礼仪
|
|
| 作者: | 翟越 主编 | |
| 分册: | ||
| 出版信息: | 北京 北京出版社 2006.01 |
|
| 页数: | 224页 | |
| 开本: | 21cm | |
| 丛书名: | ||
| 单 册: | ||
| 中图分类: | G811.211 | |
| 科图分类: | ||
| 主题词: | 夏季奥运会--体育项目--竞赛规则 , 夏季奥运会 , 体育项目 , 竞赛规则 | |
| 电子资源: | ||
| ISBN: | 7-200-06389-4 | |
| 000 | 00856nam0 2200289 450 | |
| 001 | 003106324 | |
| 005 | 20060430142615.0 | |
| 010 | @a7-200-06389-4@dCNY10.00 | |
| 100 | @a20060320d2006 em y0chiy0110 ea | |
| 101 | 0 | @achi |
| 102 | @aCN@b110000 | |
| 105 | @aa z 000yy | |
| 106 | @ar | |
| 200 | 1 | @a奥运项目规则和礼仪@Aao yun xiang mu gui ze he li yi@f翟越主编 |
| 210 | @a北京@c北京出版社@d2006.01 | |
| 215 | @a224页@c图@d21cm | |
| 304 | @a北京市体育局[等]组织编写 | |
| 330 | @a本书简要介绍了夏季奥运会中一些比赛项目的起源、项目介绍、如何打分、主要规则和观赛礼仪。 | |
| 606 | 0 | @a夏季奥运会@x体育项目@x竞赛规则 |
| 606 | 0 | @a夏季奥运会 |
| 606 | 0 | @a体育项目 |
| 606 | 0 | @a竞赛规则 |
| 690 | @aG811.211@v4 | |
| 701 | 0 | @a翟越@Azhai yue@4主编 |
| 801 | 0 | @aCN@bJiuFeng@c20060508 |
| 905 | @aBZT@dG811.211@e3@f10 | |
| 906 | @dCNY10.00@n0@r1 | |
| 奥运项目规则和礼仪/翟越主编.-北京:北京出版社,2006.01 |
| 224页:图;21cm |
| ISBN 7-200-06389-4:CNY10.00 |
| 本书简要介绍了夏季奥运会中一些比赛项目的起源、项目介绍、如何打分、主要规则和观赛礼仪。 |
| ● |
| 相关链接 |
|
|
|
正题名:奥运项目规则和礼仪
索取号:G811.211/3
 
预约/预借
| 序号 | 登录号 | 条形码 | 馆藏地/架位号 | 状态 | 备注 |
| 1 | 739580 | 2000739580 | 中心书库北库/ 北库026架A面2列1层42/ [索取号:G811.211/3] | 在馆 | |
| 2 | 739581 | 2000739581 | 中心书库北库/ 北库026架A面2列1层41/ [索取号:G811.211/3] | 在馆 | |
| 3 | 739582 | 2000739582 | 中心书库北库/ 北库026架A面2列1层40/ [索取号:G811.211/3] | 在馆 | |
| 4 | 739583 | 2000739583 | 中心书库北库/ 北库026架A面2列1层43/ [索取号:G811.211/3] | 在馆 | |
| 5 | 739584 | 2000739584 | 中心书库北库/ 北库026架A面2列1层44/ [索取号:G811.211/3] | 在馆 | |
| 6 | 739585 | 2000739585 | 中心书库北库/ 北库026架A面2列1层35/ [索取号:G811.211/3] | 在馆 | |
| 7 | 739586 | 2000739586 | 中心书库北库/ 北库026架A面2列1层36/ [索取号:G811.211/3] | 在馆 | |
| 8 | 739587 | 2000739587 | 中心书库北库/ 北库026架A面2列1层37/ [索取号:G811.211/3] | 在馆 | |
| 9 | 739588 | 2000739588 | 中心书库北库/ 北库026架A面2列1层38/ [索取号:G811.211/3] | 在馆 | |
| 10 | 739589 | 2000739589 | 中心书库北库/ 北库026架A面2列1层39/ [索取号:G811.211/3] | 在馆 |